[Event "I Torneo de Maestras 2019"]
[Site "Corralejo"]
[Date "2019.09.22"]
[Round "2.2"]
[White "Terbe, Julianna"]
[Black "Guillo Longares, Cecilia"]
[Result "1-0"]
[WhiteElo "2298"]
[BlackElo "1960"]
[Annotator "NA"]
[PlyCount "51"]
[EventDate "2019.09.21"]
[EventType "tourn"]
[EventCountry "ESP"]
[SourceTitle "playchess.com"]
[Source "ChessBase"]
[SourceQuality "1"]
[TimeControl "5400+30"]

1. e4 {[%emt 0:00:00]} c5 {[%emt 0:00:00]} 2. Nf3 {[%emt 0:00:00]} Nc6 {[%emt 0:00:00]} 3. d4 {[%emt 0:00:00]} cxd4 {[%emt 0:00:00]} 4. Nxd4 {[%emt 0:00:00]} g6 {[%emt 0:00:00]} 5. c4 {[%emt 0:00:00]} Nf6 {[%emt 0:00:04]} 6. Nc3 {[%emt 0:00:02]} Nxd4 {[%emt 0:00:07]} 7. Qxd4 {[%emt 0:00:07]} d6 {[%emt 0:00:02]} 8. Be2 {[%emt 0:00:27]} Bg7 {[%emt 0:00:06]} 9. Bg5 {[%emt 0:00:04]} O-O {[%emt 0:00:11]} 10. Qd2 {[%emt 0:00:03]} a5 {[%emt 0:00:08]} 11. Rd1 {[%emt 0:00:05]} Be6 {[%emt 0:02:43]} 12. b3 {[%emt 0:00:05]} Qc7 {[%emt 0:03:07]} 13. O-O {[%emt 0:03:51]} a4 {[%emt 0:06:39]} 14. Nb5 {[%emt 0:04:51]} Qc8 {[%emt 0:04:43]} 15. Qf4 {[%emt 0:04:33]} axb3 {[%emt 0:07:05]} 16. axb3 {[%emt 0:00:06]} Ra2 {[%emt 0:01:55]} 17. Bf3 $11 {[%emt 0:01:25]} Rb2 {[%emt 0:04:28]} 18. Nxd6 {[%emt 0:15:15]} exd6 {[%emt 0:00:19]} 19. Bxf6 {[%emt 0:00:04]} Bxf6 {[%emt 0:00:24]} 20. Qxf6 {[%emt 0:00:05]} Rxb3 {[%emt 0:00:13]} 21. Rxd6 {[%emt 0:00:15]} Qxc4 {[%emt 0:01:41]} 22. Rfd1 {[%emt 0:03:26]} Qb4 {[%emt 0:09:11]} 23. Rd8 {[%emt 0:03:27]} Rb1 {[%emt 0:00:40]} 24. Rxf8+ {[%emt 0:00:07]} Kxf8 {[%emt 0:00:05]} 25. Qh8+ {[%emt 0:00:08]} Ke7 {[%emt 0:00:12]} 26. Qd8# {[%emt 0:00:04]} 1-0

[Event "I Torneo de Maestras 2019"]
[Site "Corralejo"]
[Date "2019.09.22"]
[Round "2.3"]
[White "Martinez, Ayelen"]
[Black "Navrotescu, Andreea-Cristiana"]
[Result "0-1"]
[WhiteElo "2169"]
[BlackElo "2242"]
[Annotator "NA"]
[PlyCount "74"]
[EventDate "2019.09.21"]
[EventType "tourn"]
[EventCountry "ESP"]
[SourceTitle "playchess.com"]
[Source "ChessBase"]
[SourceQuality "1"]
[TimeControl "5400+30"]

1. e4 {[%emt 0:00:00]} e6 {[%emt 0:00:00]} 2. d4 {[%emt 0:00:00]} d5 {[%emt 0:00:00]} 3. Nc3 {[%emt 0:00:00]} Bb4 {[%emt 0:00:00]} 4. e5 {[%emt 0:00:00]} c5 {[%emt 0:00:08]} 5. a3 {[%emt 0:00:00]} Bxc3+ {[%emt 0:00:04]} 6. bxc3 {[%emt 0:00:00]} Ne7 {[%emt 0:00:18]} 7. Qg4 {[%emt 0:00:03]} cxd4 {[%emt 0:00:19]} 8. Qxg7 {[%emt 0:02:18]} Rg8 {[%emt 0:00:21]} 9. Qxh7 {[%emt 0:00:04]} Qc7 {[%emt 0:00:26]} 10. Ne2 {[%emt 0:00:10]} dxc3 {[%emt 0:00:18]} 11. f4 {[%emt 0:00:24]} Nbc6 {[%emt 0:00:14]} 12. h4 {[%emt 0:00:07]} b6 {[%emt 0:00:56]} 13. Qd3 {[%emt 0:00:21]} d4 {[%emt 0:02:37]} 14. h5 {[%emt 0:02:38]} Bb7 {[%emt 0:01:12]} 15. h6 {[%emt 0:00:06]} O-O-O {[%emt 0:00:25]} 16. h7 {[%emt 0:00:04]} Rh8 {[%emt 0:00:10]} 17. Rh6 {[%emt 0:10:49]} Nd5 {[%emt 0:13:52]} 18. Rb1 {[%emt 0:03:01]} Qe7 {[%emt 0:09:40]} 19. g4 {[%emt 0:04:38]} Kb8 {[%emt 0:09:07]} 20. g5 {[%emt 0:08:39]} Nc7 {[%emt 0:08:21]} 21. Ng3 {[%emt 0:06:21]} Ba6 {[%emt 0:04:23]} 22. Qe4 {[%emt 0:01:48]} Bxf1 {[%emt 0:00:32]} 23. Kxf1 {[%emt 0:03:53]} d3 {[%emt 0:14:16]} 24. cxd3 {[%emt 0:08:21]} c2 {[%emt 0:00:28]} 25. Rb2 {[%emt 0:07:16]} Nd4 {[%emt 0:04:31]} 26. a4 {[%emt 0:06:45]} Qc5 {[%emt 0:01:29]} 27. Rh3 {[%emt 0:15:50]} Nd5 {[%emt 0:01:36]} 28. Ne2 {[%emt 0:01:42]} Nc3 {[%emt 0:04:08]} 29. Nxc3 {[%emt 0:00:44]} Qxc3 {[%emt 0:00:02]} 30. Qe1 {[%emt 0:01:21]} Qc6 {[%emt 0:03:01]} 31. a5 {[%emt 0:00:48]} Rxh7 {[%emt 0:05:07]} 32. Rxh7 {[%emt 0:00:05]} Qf3+ {[%emt 0:00:03]} 33. Kg1 {[%emt 0:00:46]} Qxd3 {[%emt 0:00:08]} 34. Qe3 {[%emt 0:06:27]} Qxh7 {[%emt 0:01:17]} 35. axb6 {[%emt 0:01:26]} a6 {[%emt 0:05:32]} 36. Qa3 {[%emt 0:03:05]} Ne2+ {[%emt 0:01:10]} 37. Kg2 {[%emt 0:01:22]} Nxc1 {[%emt 0:01:44]} 0-1

[Event "I Torneo de Maestras 2019"]
[Site "Corralejo"]
[Date "2019.09.22"]
[Round "2.4"]
[White "Rodriguez Redondo, Adhara"]
[Black "Sosa Suarez, Carla Cristina"]
[Result "1/2-1/2"]
[WhiteElo "2065"]
[BlackElo "2069"]
[Annotator "NA"]
[PlyCount "52"]
[EventDate "2019.09.21"]
[EventType "tourn"]
[EventCountry "ESP"]
[SourceTitle "playchess.com"]
[Source "ChessBase"]
[SourceQuality "1"]
[TimeControl "5400+30"]

1. e4 {[%emt 0:00:00]} c5 {[%emt 0:02:11]} 2. Nf3 {[%emt 0:00:00]} d6 {[%emt 0:00:07]} 3. Bb5+ {[%emt 0:00:00]} Nd7 {[%emt 0:00:05]} 4. d4 {[%emt 0:01:07]} cxd4 {[%emt 0:00:04]} 5. Qxd4 {[%emt 0:00:23]} a6 {[%emt 0:00:52]} 6. Bxd7+ {[%emt 0:00:35]} Bxd7 {[%emt 0:00:06]} 7. c4 {[%emt 0:00:29]} e5 {[%emt 0:00:56]} 8. Qd3 {[%emt 0:00:40]} b5 {[%emt 0:00:24]} 9. Nc3 {[%emt 0:01:07]} bxc4 {[%emt 0:00:47]} 10. Qxc4 {[%emt 0:00:14]} Be6 {[%emt 0:01:37]} 11. Qd3 {[%emt 0:04:18]} h6 {[%emt 0:07:14]} 12. O-O {[%emt 0:02:01]} Nf6 {[%emt 0:00:27]} 13. Rd1 {[%emt 0:06:55]} Nd7 {[%emt 0:13:24]} 14. Ne1 {[%emt 0:04:52]} Be7 {[%emt 0:08:31]} 15. Qg3 {[%emt 0:04:50]} g6 {[%emt 0:05:58]} 16. Nc2 {[%emt 0:04:15]} Nc5 {[%emt 0:09:15]} 17. Ne3 {[%emt 0:04:46]} Bh4 {[%emt 0:06:10]} 18. Qf3 {[%emt 0:00:20]} h5 {[%emt 0:04:01]} 19. h3 {[%emt 0:12:15]} O-O {[%emt 0:04:26]} 20. b4 {[%emt 0:00:30]} Nb7 {[%emt 0:00:30]} 21. Ned5 {[%emt 0:06:58]} f5 {[%emt 0:05:32]} 22. g3 {[%emt 0:00:30]} Be7 {[%emt 0:09:01]} 23. Be3 {[%emt 0:04:05]} Rc8 {[%emt 0:01:53]} 24. Rac1 {[%emt 0:03:57]} Bg5 {[%emt 0:03:50]} 25. Kh2 {[%emt 0:07:43]} Rf7 {[%emt 0:05:04]} 26. Qg2 {[%emt 0:17:10]} Bxe3 {[%emt 0:01:44]} 1/2-1/2

[Event "I Torneo de Maestras 2019"]
[Site "Corralejo"]
[Date "2019.09.22"]
[Round "2.5"]
[White "Thomas, Anysia"]
[Black "Drljevic, Ljilja"]
[Result "1-0"]
[WhiteElo "2112"]
[BlackElo "2162"]
[Annotator "NA"]
[PlyCount "63"]
[EventDate "2019.09.21"]
[EventType "tourn"]
[EventCountry "ESP"]
[SourceTitle "playchess.com"]
[Source "ChessBase"]
[SourceQuality "1"]
[TimeControl "5400+30"]

1. d4 {[%emt 0:00:00]} Nf6 {[%emt 0:00:00]} 2. c4 {[%emt 0:00:00]} g6 {[%emt 0:00:00]} 3. Nc3 {[%emt 0:00:00]} d5 {[%emt 0:00:00]} 4. cxd5 {[%emt 0:00:12]} Nxd5 {[%emt 0:00:00]} 5. e4 {[%emt 0:00:13]} Nxc3 {[%emt 0:00:00]} 6. bxc3 {[%emt 0:00:04]} Bg7 {[%emt 0:00:04]} 7. Be3 {[%emt 0:00:42]} c5 {[%emt 0:00:20]} 8. Nf3 {[%emt 0:00:07]} O-O {[%emt 0:00:15]} 9. Be2 {[%emt 0:00:09]} Qa5 {[%emt 0:03:33]} 10. O-O {[%emt 0:00:21]} Nd7 {[%emt 0:24:39]} 11. Qc2 {[%emt 0:06:32]} Nb6 {[%emt 0:04:05]} 12. Rab1 {[%emt 0:14:03]} Bd7 {[%emt 0:04:11]} 13. dxc5 {[%emt 0:06:15]} Na4 {[%emt 0:05:21]} 14. Rxb7 {[%emt 0:15:29]} Bc6 {[%emt 0:00:54]} 15. Rxe7 {[%emt 0:03:38]} Nxc3 {[%emt 0:23:27]} 16. Bc4 {[%emt 0:05:15]} Ba4 {[%emt 0:11:45]} 17. Bb3 {[%emt 0:11:42]} Bb5 {[%emt 0:01:12]} 18. Re1 {[%emt 0:17:29]} Rac8 {[%emt 0:11:22]} 19. Rxf7 {[%emt 0:05:09]} Rxf7 {[%emt 0:00:19]} 20. Bxf7+ {[%emt 0:00:04]} Kf8 {[%emt 0:04:16]} 21. Bb3 {[%emt 0:06:17]} Qb4 {[%emt 0:01:40]} 22. Ng5 {[%emt 0:00:52]} Be5 {[%emt 0:00:15]} 23. f4 {[%emt 0:02:32]} Nxe4 {[%emt 0:01:15]} 24. Ne6+ {[%emt 0:03:18]} Ke7 {[%emt 0:00:42]} 25. Bf2 {[%emt 0:00:53]} Nxf2 {[%emt 0:00:57]} 26. Kxf2 {[%emt 0:00:02]} Bf6 {[%emt 0:01:14]} 27. Re4 {[%emt 0:00:35]} Qa5 {[%emt 0:00:33]} 28. Ng5+ {[%emt 0:01:06]} Kf8 {[%emt 0:00:32]} 29. Nxh7+ {[%emt 0:00:10]} Kg7 {[%emt 0:00:11]} 30. Nxf6 {[%emt 0:00:05]} Bc6 {[%emt 0:01:21]} 31. Re7+ {[%emt 0:00:19]} Kxf6 {[%emt 0:00:26]} 32. Rf7# {[%emt 0:00:05]} 1-0

[Event "I Torneo de Maestras 2019"]
[Site "Corralejo"]
[Date "2019.09.22"]
[Round "3.1"]
[White "Drljevic, Ljilja"]
[Black "Palma, Maria"]
[Result "1-0"]
[WhiteElo "2162"]
[BlackElo "2100"]
[Annotator "ChessBase"]
[PlyCount "95"]
[EventDate "2019.09.21"]
[EventType "tourn"]
[EventCountry "ESP"]
[SourceTitle "playchess.com"]
[Source "ChessBase"]
[SourceQuality "1"]
[TimeControl "5400+30"]

1. b4 {[%emt 0:00:00]} d5 {[%emt 0:00:00]} 2. Bb2 {[%emt 0:00:00]} Nf6 {[%emt 0:00:00]} 3. Nf3 {[%emt 0:02:18]} Bf5 {[%emt 0:01:34]} 4. e3 {[%emt 0:07:24]} e6 {[%emt 0:00:30]} 5. a3 {[%emt 0:03:39]} Nbd7 {[%emt 0:00:25]} 6. Be2 {[%emt 0:01:05]} Bd6 {[%emt 0:00:43]} 7. Nh4 {[%emt 0:05:09]} Bg6 {[%emt 0:01:14]} 8. Nxg6 {[%emt 0:01:21]} hxg6 {[%emt 0:00:17]} 9. h3 {[%emt 0:04:16]} e5 {[%emt 0:14:10]} 10. d3 {[%emt 0:06:54]} c6 {[%emt 0:03:26]} 11. Nd2 {[%emt 0:02:25]} a5 {[%emt 0:02:04]} 12. c3 {[%emt 0:05:15]} O-O {[%emt 0:14:46]} 13. O-O {[%emt 0:01:33]} Qe7 {[%emt 0:09:23]} 14. Qc2 {[%emt 0:06:50]} d4 {[%emt 0:06:16]} 15. bxa5 {[%emt 0:14:41]} dxe3 {[%emt 0:03:19]} 16. fxe3 {[%emt 0:00:15]} Nd5 {[%emt 0:06:36]} 17. Nc4 {[%emt 0:02:33]} Bc7 {[%emt 0:04:04]} 18. Bc1 {[%emt 0:06:09]} Bxa5 {[%emt 0:08:24]} 19. Nxa5 {[%emt 0:00:57]} Rxa5 {[%emt 0:00:13]} 20. c4 {[%emt 0:01:41]} Qc5 {[%emt 0:04:45]} 21. Qd2 {[%emt 0:00:44]} Nf4 {[%emt 0:07:57]} 22. Bf3 {[%emt 0:00:10]} Ne6 {[%emt 0:00:35]} 23. Rb1 {[%emt 0:00:28]} Ra7 {[%emt 0:01:53]} 24. Bb2 {[%emt 0:05:27]} Rd8 {[%emt 0:00:52]} 25. Qf2 {[%emt 0:01:37]} Nf6 {[%emt 0:02:14]} 26. Be2 {[%emt 0:00:07]} Qa5 {[%emt 0:03:05]} 27. Rfd1 {[%emt 0:03:24]} b6 {[%emt 0:01:51]} 28. Qg3 {[%emt 0:01:12]} Nd7 {[%emt 0:02:12]} 29. Bg4 {[%emt 0:02:20]} Nef8 {[%emt 0:00:58]} 30. Bf3 {[%emt 0:03:10]} Qc5 {[%emt 0:00:07]} 31. Qf2 {[%emt 0:00:50]} Nf6 {[%emt 0:00:35]} 32. Be2 {[%emt 0:00:50]} Qe7 {[%emt 0:00:50]} 33. Bc3 {[%emt 0:01:18]} Qc7 {[%emt 0:00:32]} 34. Bf3 {[%emt 0:02:12]} Rxa3 {[%emt 0:00:25]} 35. Qb2 {[%emt 0:00:41]} Ra6 {[%emt 0:00:19]} 36. Bxe5 {[%emt 0:00:19]} Qe7 {[%emt 0:00:43]} 37. Bxc6 {[%emt 0:00:51]} N8d7 {[%emt 0:00:28]} 38. Bd4 {[%emt 0:01:16]} Nc5 {[%emt 0:00:37]} 39. Bf3 {[%emt 0:00:42]} Ne8 {[%emt 0:00:26]} 40. Qb5 {[%emt 0:03:21]} Nc7 {[%emt 0:00:13]} 41. Qb2 {[%emt 0:01:21]} N7e6 {[%emt 0:00:07]} 42. Bd5 {[%emt 0:01:00]} Nxd4 {[%emt 0:01:11]} 43. Qxd4 {[%emt 0:00:20]} Qc7 {[%emt 0:00:35]} 44. Rf1 {[%emt 0:02:14]} Rf8 {[%emt 0:00:27]} 45. Rxf7 {[%emt 0:01:18]} Rxf7 {[%emt 0:00:24]} 46. Rf1 {[%emt 0:00:14]} Nb3 {[%emt 0:00:34]} 47. Bxf7+ {[%emt 0:00:30]} Qxf7 {[%emt 0:00:21]} 48. Qd8+ {[%emt 0:00:11]} 1-0

[Event "I Torneo de Maestras 2019"]
[Site "Corralejo"]
[Date "2019.09.22"]
[Round "3.2"]
[White "Sosa Suarez, Carla Cristina"]
[Black "Thomas, Anysia"]
[Result "0-1"]
[WhiteElo "2069"]
[BlackElo "2112"]
[Annotator "ChessBase"]
[PlyCount "122"]
[EventDate "2019.09.21"]
[EventType "tourn"]
[EventCountry "ESP"]
[SourceTitle "playchess.com"]
[Source "ChessBase"]
[SourceQuality "1"]
[TimeControl "5400+30"]

1. e4 {[%emt 0:00:00]} c6 {[%emt 0:00:00]} 2. d4 {[%emt 0:00:00]} g6 {[%emt 0:00:00]} 3. h4 {[%emt 0:00:00]} d5 {[%emt 0:00:43]} 4. e5 {[%emt 0:00:00]} c5 {[%emt 0:01:08]} 5. h5 {[%emt 0:00:17]} Nh6 {[%emt 0:10:05]} 6. hxg6 {[%emt 0:05:18]} hxg6 {[%emt 0:00:16]} 7. dxc5 {[%emt 0:03:24]} Nc6 {[%emt 0:01:34]} 8. Bf4 {[%emt 0:06:50]} Bg7 {[%emt 0:01:28]} 9. Bb5 {[%emt 0:16:20]} Bd7 {[%emt 0:22:00]} 10. Bxc6 {[%emt 0:17:14]} Bxc6 {[%emt 0:02:42]} 11. Nf3 {[%emt 0:04:55]} Nf5 {[%emt 0:04:52]} 12. Rxh8+ {[%emt 0:01:51]} Bxh8 {[%emt 0:00:02]} 13. c3 {[%emt 0:03:40]} Qd7 {[%emt 0:05:15]} 14. Na3 {[%emt 0:03:38]} Ng7 {[%emt 0:02:39]} 15. Nd4 {[%emt 0:05:01]} Ne6 {[%emt 0:04:56]} 16. Nxe6 {[%emt 0:01:04]} Qxe6 {[%emt 0:00:05]} 17. Qe2 {[%emt 0:01:24]} Qf5 {[%emt 0:09:29]} 18. Qe3 {[%emt 0:07:28]} O-O-O {[%emt 0:08:36]} 19. O-O-O {[%emt 0:01:04]} g5 {[%emt 0:04:00]} 20. Bg3 {[%emt 0:02:38]} Qg6 {[%emt 0:04:41]} 21. Nc2 {[%emt 0:01:51]} Ba4 {[%emt 0:04:45]} 22. b3 {[%emt 0:00:15]} Bc6 {[%emt 0:00:05]} 23. Nd4 {[%emt 0:01:20]} Bg7 {[%emt 0:00:09]} 24. Kb2 {[%emt 0:01:55]} e6 {[%emt 0:05:18]} 25. Qe2 {[%emt 0:02:18]} Qe4 {[%emt 0:03:56]} 26. Qxe4 {[%emt 0:02:02]} dxe4 {[%emt 0:00:01]} 27. Kc2 {[%emt 0:01:21]} Kc7 {[%emt 0:02:35]} 28. c4 {[%emt 0:02:04]} e3 {[%emt 0:01:15]} 29. fxe3 {[%emt 0:02:18]} Be4+ {[%emt 0:01:14]} 30. Kc1 {[%emt 0:01:27]} a6 {[%emt 0:00:05]} 31. Nf3 {[%emt 0:01:29]} Rxd1+ {[%emt 0:00:25]} 32. Kxd1 {[%emt 0:00:05]} g4 {[%emt 0:00:42]} 33. Nh2 {[%emt 0:01:43]} Bxg2 {[%emt 0:00:16]} 34. Kd2 {[%emt 0:00:43]} Bh3 {[%emt 0:01:00]} 35. a3 {[%emt 0:01:28]} Bf8 {[%emt 0:00:26]} 36. b4 {[%emt 0:00:13]} Kc6 {[%emt 0:00:09]} 37. Kd3 {[%emt 0:00:18]} Bh6 {[%emt 0:01:00]} 38. Bh4 {[%emt 0:01:06]} a5 {[%emt 0:00:34]} 39. Ke2 {[%emt 0:01:31]} Bg7 {[%emt 0:00:11]} 40. Bf6 {[%emt 0:01:31]} Bf8 {[%emt 0:00:06]} 41. Kf2 {[%emt 0:00:30]} axb4 {[%emt 0:00:20]} 42. axb4 {[%emt 0:00:05]} b6 {[%emt 0:00:18]} 43. cxb6 {[%emt 0:00:34]} Bxb4 {[%emt 0:00:05]} 44. Bd8 {[%emt 0:00:21]} Bc5 {[%emt 0:01:08]} 45. Kg3 {[%emt 0:01:17]} f5 {[%emt 0:01:21]} 46. Kf2 {[%emt 0:00:36]} Bxb6 {[%emt 0:00:22]} 47. Be7 {[%emt 0:00:31]} Bc7 {[%emt 0:00:08]} 48. Bf6 {[%emt 0:00:20]} Kc5 {[%emt 0:00:05]} 49. Kg3 {[%emt 0:00:16]} Kxc4 {[%emt 0:00:09]} 50. Kf4 {[%emt 0:00:03]} Ba5 {[%emt 0:01:23]} 51. Bh4 {[%emt 0:00:13]} Kd3 {[%emt 0:00:21]} 52. Bf2 {[%emt 0:00:30]} Ke2 {[%emt 0:00:52]} 53. Bg1 {[%emt 0:00:40]} Bd8 {[%emt 0:00:35]} 54. e4 {[%emt 0:00:23]} Bh4 {[%emt 0:00:37]} 55. exf5 {[%emt 0:00:19]} exf5 {[%emt 0:00:07]} 56. e6 {[%emt 0:00:46]} Be7 {[%emt 0:00:27]} 57. Kxf5 {[%emt 0:00:52]} g3+ {[%emt 0:00:04]} 58. Ke5 {[%emt 0:00:09]} Bc5 {[%emt 0:01:22]} 59. Bxc5 {[%emt 0:00:46]} gxh2 {[%emt 0:00:07]} 60. e7 {[%emt 0:00:06]} Bd7 {[%emt 0:00:05]} 61. Kd6 {[%emt 0:00:09]} Ba4 {[%emt 0:00:07]} 0-1

[Event "I Torneo de Maestras 2019"]
[Site "Corralejo"]
[Date "2019.09.22"]
[Round "3.3"]
[White "Navrotescu, Andreea-Cristiana"]
[Black "Rodriguez Redondo, Adhara"]
[Result "1-0"]
[WhiteElo "2242"]
[BlackElo "2065"]
[Annotator "ChessBase"]
[PlyCount "111"]
[EventDate "2019.09.21"]
[EventType "tourn"]
[EventCountry "ESP"]
[SourceTitle "playchess.com"]
[Source "ChessBase"]
[SourceQuality "1"]
[TimeControl "5400+30"]

1. d4 {[%emt 0:00:00]} d5 {[%emt 0:00:00]} 2. c4 {[%emt 0:00:00]} e6 {[%emt 0:00:00]} 3. Nf3 {[%emt 0:00:00]} Nf6 {[%emt 0:00:00]} 4. g3 {[%emt 0:00:00]} Be7 {[%emt 0:00:04]} 5. Bg2 {[%emt 0:00:00]} O-O {[%emt 0:00:09]} 6. O-O {[%emt 0:00:07]} dxc4 {[%emt 0:00:04]} 7. Qc2 {[%emt 0:03:04]} a6 {[%emt 0:00:46]} 8. a4 {[%emt 0:01:09]} Bd7 {[%emt 0:01:51]} 9. Ne5 {[%emt 0:05:46]} Bc6 {[%emt 0:01:35]} 10. Nxc6 {[%emt 0:00:26]} Nxc6 {[%emt 0:00:07]} 11. e3 {[%emt 0:01:36]} Nd5 {[%emt 0:03:46]} 12. Qxc4 {[%emt 0:01:26]} Na5 {[%emt 0:06:00]} 13. Qc2 {[%emt 0:01:08]} Rc8 {[%emt 0:10:36]} 14. Nc3 {[%emt 0:05:58]} Nb4 {[%emt 0:03:14]} 15. Qe2 {[%emt 0:01:33]} c5 {[%emt 0:02:48]} 16. d5 {[%emt 0:10:34]} exd5 {[%emt 0:09:56]} 17. Nxd5 {[%emt 0:00:15]} Nxd5 {[%emt 0:01:11]} 18. Rd1 {[%emt 0:00:02]} Qb6 {[%emt 0:01:48]} 19. Bxd5 {[%emt 0:00:30]} Nb3 {[%emt 0:05:29]} 20. Rb1 {[%emt 0:03:10]} Bf6 {[%emt 0:03:40]} 21. Bd2 {[%emt 0:01:44]} Nxd2 {[%emt 0:00:48]} 22. Rxd2 {[%emt 0:00:33]} Rc7 {[%emt 0:02:54]} 23. Bc4 {[%emt 0:03:20]} Qc6 {[%emt 0:06:12]} 24. b3 {[%emt 0:02:43]} Rd7 {[%emt 0:01:27]} 25. Rxd7 {[%emt 0:01:00]} Qxd7 {[%emt 0:00:07]} 26. Rd1 {[%emt 0:00:23]} Qc7 {[%emt 0:00:27]} 27. Qf3 {[%emt 0:05:01]} Rd8 {[%emt 0:06:21]} 28. Rxd8+ {[%emt 0:00:25]} Bxd8 {[%emt 0:00:06]} 29. Qd5 {[%emt 0:00:13]} a5 {[%emt 0:05:48]} 30. f4 {[%emt 0:03:43]} Bf6 {[%emt 0:02:08]} 31. g4 {[%emt 0:04:11]} g6 {[%emt 0:03:36]} 32. g5 {[%emt 0:00:43]} Bg7 {[%emt 0:01:05]} 33. h4 {[%emt 0:05:20]} Qe7 {[%emt 0:04:54]} 34. Kf2 {[%emt 0:02:06]} Bc3 {[%emt 0:05:35]} 35. Kf3 {[%emt 0:06:24]} Qc7 {[%emt 0:01:30]} 36. e4 {[%emt 0:01:30]} Bd4 {[%emt 0:00:43]} 37. Kg3 {[%emt 0:08:15]} Qe7 {[%emt 0:01:37]} 38. e5 {[%emt 0:02:17]} Bc3 {[%emt 0:01:42]} 39. Kf3 {[%emt 0:04:15]} Bd4 {[%emt 0:00:54]} 40. Qe4 {[%emt 0:00:47]} Bc3 {[%emt 0:01:58]} 41. Bd5 {[%emt 0:01:30]} Ba1 {[%emt 0:02:07]} 42. h5 {[%emt 0:01:33]} gxh5 {[%emt 0:01:08]} 43. g6 {[%emt 0:01:35]} Qh4 {[%emt 0:04:06]} 44. gxf7+ {[%emt 0:00:28]} Kf8 {[%emt 0:00:11]} 45. Ke2 {[%emt 0:06:36]} Qh2+ {[%emt 0:00:45]} 46. Qg2 {[%emt 0:00:01]} Qxg2+ {[%emt 0:00:31]} 47. Bxg2 {[%emt 0:00:01]} Kxf7 {[%emt 0:00:47]} 48. Bxb7 {[%emt 0:00:10]} Bc3 {[%emt 0:00:57]} 49. Kd3 {[%emt 0:00:25]} Bb4 {[%emt 0:00:25]} 50. f5 {[%emt 0:01:38]} h4 {[%emt 0:00:31]} 51. Bd5+ {[%emt 0:00:23]} Kf8 {[%emt 0:00:33]} 52. f6 {[%emt 0:00:57]} h3 {[%emt 0:00:29]} 53. Kc4 {[%emt 0:02:27]} Ke8 {[%emt 0:00:32]} 54. e6 {[%emt 0:00:10]} h2 {[%emt 0:00:10]} 55. Bc6+ {[%emt 0:00:07]} Kd8 {[%emt 0:00:21]} 56. e7+ {[%emt 0:00:06]} 1-0

[Event "I Torneo de Maestras 2019"]
[Site "Corralejo"]
[Date "2019.09.22"]
[Round "3.4"]
[White "Guillo Longares, Cecilia"]
[Black "Martinez, Ayelen"]
[Result "1-0"]
[WhiteElo "1960"]
[BlackElo "2169"]
[Annotator "TA"]
[PlyCount "79"]
[EventDate "2019.09.21"]
[EventType "tourn"]
[EventCountry "ESP"]
[SourceTitle "playchess.com"]
[Source "ChessBase"]
[SourceQuality "1"]

{[%evp 17,79,-26,-14,-81,-81,-75,5,8,52,48,79,83,224,220,224,225,233,235,286,242,302,295,356,354,469,247,235,222,322,300,363,353,362,367,351,341,475,475,462,462,459,480,472,470,705,704,698,694,685,664,746,745,870,865,833,823,984,942,995,974,963,942,1408,1287]} 1. d4 Nf6 2. c4 g6 3. Nf3 Bg7 4. g3 O-O 5. Bg2 c6 6. O-O d5 7. Nc3 dxc4 8. Ne5 Be6 9. e4 Nbd7 10. Qe2 {D78: Fianchetto Grünfeld: 6 0-0 c6} (10. f4 $11 {keeps the balance.}) 10... Nxe5 $17 11. dxe5 Ng4 (11... Nd7 $17 12. f4 Nc5) 12. f4 $1 $11 {[%cal Rf4f5] The position is equal.} h5 $146 ({Predecessor:} 12... Qd4+ 13. Kh1 Qd3 14. h3 Qxe2 15. Nxe2 Nh6 16. g4 f5 17. Nd4 Bd7 18. exf5 gxf5 {0-1 (57) Mirumian,V (2516)-Dolezal,R (2421) Czechia 2007}) 13. h3 Nh6 {[#]} 14. f5 $1 {[%mdl 512]} Bc8 {[#]} (14... Nxf5 $16 {might work better.} 15. exf5 Bxf5) (14... gxf5 15. Bxh6) 15. f6 $1 $18 {[%mdl 64] Deflection} ({Much less strong is} 15. Qxc4 $6 Kh7 $16) 15... exf6 16. exf6 Bxf6 17. Bxh6 Re8 18. Qxc4 h4 19. Rad1 Qe7 20. e5 Bxe5 {[#]} 21. Qxh4 (21. Bg5 $142 $1 {[%mdl 512]} Be6 (21... Qxg5 22. Qxf7+) 22. Qxh4 (22. Bxe7 Bxc4 23. Bxh4 Bxf1 $14) 22... Qc5+ 23. Kh2) 21... Qxh4 22. gxh4 f5 (22... a5 $142 23. Ne4 Be6) 23. Rfe1 Kf7 24. Bg5 Bd4+ 25. Kf1 ({Less strong is} 25. Rxd4 Rxe1+ 26. Kf2 Re5 $18) 25... Rxe1+ 26. Kxe1 Bxc3+ 27. bxc3 {White is clearly winning.} Be6 28. a3 Bd5 29. Bxd5+ cxd5 30. Rxd5 {[%mdl 4096] Endgame KRB-KR} Rc8 (30... Ke6 $142) 31. Rd7+ Ke6 32. Re7+ Kd5 33. Kd2 b5 34. Rxa7 Ke4 35. Ra6 Rg8 36. Rb6 Ra8 37. Rxg6 Rxa3 38. Re6+ Kd5 39. Rb6 Kc4 40. h5 {Accuracy: White = 73%, Black = 22%.} 1-0

[Event "I Torneo de Maestras 2019"]
[Site "Corralejo"]
[Date "2019.09.22"]
[Round "3.5"]
[White "Safranska, Anda"]
[Black "Terbe, Julianna"]
[Result "1/2-1/2"]
[WhiteElo "2139"]
[BlackElo "2298"]
[Annotator "TA"]
[PlyCount "93"]
[EventDate "2019.09.21"]
[EventType "tourn"]
[EventCountry "ESP"]
[SourceTitle "playchess.com"]
[Source "ChessBase"]
[SourceQuality "1"]

{[%evp 18,93,0,4,18,0,0,-12,-12,-20,-6,-18,-9,-54,-19,-28,0,-84,-24,-41,0,-93,-24,-31,32,0,0,8,14,26,82,55,66,72,97,101,135,110,97,90,85,77,99,91,121,71,71,71,71,71,71,71,71,71,85,72,72,80,108,105,108,86,89,77,105,58,58,63,65,64,133,0,65,0,133,118,106,140]} 1. Nf3 d5 2. g3 Nf6 3. Bg2 c6 4. d3 Bf5 5. O-O e6 6. Nbd2 Be7 7. Qe1 h6 8. e4 Bh7 9. Qe2 O-O 10. b3 a5 {A07: Réti Opening: New York and Capablanca Systems} 11. a3 Qb6 (11... c5 12. Bb2 Nc6 13. Rfe1 a4 14. exd5 exd5 15. bxa4 Rxa4 16. Rab1 b5 17. Ne5 Nxe5 18. Bxe5 {1-0 (64) Vorobiov,E (2585)-Geller,J (2549) Pardubice 2013}) 12. Rb1 Nbd7 {The position is equal.} 13. Bb2 Qa6 $146 ({Predecessor:} 13... Qc7 14. Kh1 b5 15. Nh4 dxe4 16. dxe4 Ne8 17. f4 Bf6 18. e5 Bxh4 19. gxh4 {1-0 (41) Beikert,G (2420)-Wohlfahrt,H (2270) Germany 1995}) 14. Rfe1 Rfd8 15. Kh1 b5 16. Ra1 Rac8 17. Ng1 (17. a4 $11) 17... Bf8 (17... a4 $17) 18. f4 c5 19. c4 {[#]} (19. a4 $11) 19... bxc4 (19... a4 $1 $17 20. e5 (20. exd5 exd5 21. cxd5 axb3 $17) 20... Ne8) 20. bxc4 $11 d4 (20... dxe4 $15 21. dxe4 Nb8) 21. g4 Rb8 22. Bc1 e5 23. f5 g5 (23... Nb6 $11 {keeps the balance.}) 24. Bf3 Ne8 25. Qf2 Rb6 26. Bd1 a4 27. h4 f6 28. Ne2 Nd6 29. Kg2 Bg7 30. Rh1 Kf7 31. Qg1 Bg8 32. Bc2 Ke7 33. Qd1 Ra8 34. Rb1 Rxb1 35. Bxb1 Bf7 36. Bc2 Nb6 37. Ng3 Rh8 38. Nf3 Qa8 39. hxg5 (39. Bd2 {is more complex.} Qa6 40. Rh2 Qa8 41. Kf2 Nd7 42. Qh1) 39... hxg5 40. Rxh8 Bxh8 41. Bd2 Bg7 42. Qb1 Nd7 43. Qh1 Nb6 (43... Kd8 $14) 44. Qb1 (44. Nxg5 $16 fxg5 45. Bxg5+ Kd7 46. Bd2) 44... Nd7 $14 45. Qh1 ({White should play} 45. Qc1 $14) 45... Nb6 $1 $16 46. Nxe5 fxe5 47. Bxg5+ {Accuracy: White = 46%, Black = 34%.} 1/2-1/2